书目信息 |
| 题名: |
伺服系统
|
|
| 作者: | 敖荣庆 , 乾坤 编 | |
| 分册: | ||
| 出版信息: | 北京 航空工业出版社 12/31/06 |
|
| 页数: | 205页 | |
| 开本: | 28cm | |
| 丛书名: | ||
| 单 册: | ||
| 中图分类: | TP275 | |
| 科图分类: | ||
| 主题词: | 自动化系统 | |
| 电子资源: | ||
| ISBN: | 978-7-80183-731-8 | |
| 000 | 00621nam0 2200229 45 | |
| 001 | 0944978926 | |
| 005 | 20091015123137.34 | |
| 010 | @a978-7-80183-731-8@dCNY28.00 | |
| 100 | @a20090515d12/3 ekmy0 y0120 ea | |
| 102 | @aCN@b130000 | |
| 102 | @aCN@b110000 | |
| 105 | @ay z 000yy | |
| 200 | 1 | @a伺服系统@f敖荣庆,乾坤编@Fao rong qing,qian kun bian |
| 210 | @a北京@c航空工业出版社@d12/31/06 | |
| 215 | @a205页@d28cm | |
| 606 | 0 | @a自动化系统 |
| 690 | @aTP275@v4 | |
| 701 | 0 | @a敖荣庆@Aao rong qing@4编 |
| 701 | 0 | @a乾坤@Aqian kun@4编 |
| 801 | 0 | @aCN@c20091015 |
| 905 | @a10447@dTP275@eA7523 | |
| 906 | @d28@n3@r1 | |
| 伺服系统/敖荣庆,乾坤编.-北京:航空工业出版社,12/31/06 |
| 205页;28cm |
| ISBN 978-7-80183-731-8:CNY28.00 |
| ● |
| 相关链接 |
|
|
|
正题名:伺服系统
索取号:TP275/A7523
 
预约/预借
| 序号 | 登录号 | 条形码 | 馆藏地/架位号 | 状态 | 备注 |
| 1 | 655254 | 206552540 | 自科二线504/504自科库 7排3列2层/ [索取号:TP275/A7523] | 在馆 | |
| 2 | 655255 | 206552559 | 自科二线504/504自科库 7排4列1层/ [索取号:TP275/A7523] | 在馆 | |
| 3 | 655256 | 206552568 | 自科二线504/504自科库 7排4列1层/ [索取号:TP275/A7523] | 在馆 |